Memoria sobre las causas meteorológico-físicas que producen las constantes sequias de Murcia y Almería, señalando los medios de atenuar sus efectos ... / (Record no. 163519)

MARC details
000 -LEADER
campo de control de longitud fija 00739nam a22001815i 4500
001 - NÚMERO DE CONTROL
campo de control 163519
003 - IDENTIFICADOR DE NÚMERO DE CONTROL
campo de control ES-MaACL
005 - FECHA Y HORA DE LA ÚLTIMA TRANSACCIÓN
campo de control 20250814063248.0
008 - DATOS DE LONGITUD FIJA--INFORMACIÓN GENERAL
campo de control de longitud fija 951113s1851 sp a |||| | spa d
040 ## - FUENTE DE CATALOGACIÓN
Centro catalogador/agencia de origen CARM
Lengua de catalogación spa
Centro/agencia transcriptor CCPB | SIC
100 1# - ENTRADA PRINCIPAL--NOMBRE DE PERSONA
Nombre de persona Rico y Sinobas, Manuel,
Fechas asociadas al nombre 1819-1898
9 (RLIN) 131804
245 10 - MENCIÓN DEL TÍTULO
Título Memoria sobre las causas meteorológico-físicas que producen las constantes sequias de Murcia y Almería, señalando los medios de atenuar sus efectos ... /
Mención de responsabilidad, etc. su autor Manuel Rico y Sinobas.
260 ## - PUBLICACIÓN, DISTRIBUCIÓN, ETC.
Lugar de publicación, distribución, etc. Madrid :
Nombre del editor, distribuidor, etc. [s.n.],
Fecha de publicación, distribución, etc. 1851 (
Fabricante Imp. a cargo de D.S. Compagni)
300 ## - DESCRIPCIÓN FÍSICA
Extensión 391 p., [9] h. pleg. ;
Dimensiones 23 cm.
599 #1 - NOTA A LAS ILUSTRACIONES
NOTA A LAS ILUSTRACIONES Las 9 h. son gráficos.
852 ## - LOCALIZACIÓN
Ubicación ES-MaACL
Número de control de estantería F-6030
Nota libre -- Enc. hol.
Holdings
Estatus retirado Estado de pérdida Estado de daño No para préstamo Colección Biblioteca de origen Biblioteca actual Ubicación en estantería Fecha de adquisición Fuente de adquisición Total de préstamos Signatura topográfica completa Código de barras Visto por última vez Precio de reemplazo Tipo de ítem Koha
        Libros del s. XIX Biblioteca del Ateneo de Madrid Biblioteca del Ateneo de Madrid Depósito 2 17/01/2008     F-6030 1171351 23/02/2023 23/02/2023 Libro impreso antiguo